| 000 | 01301nam a2200313Ia 4500 | ||
|---|---|---|---|
| 999 |
_c65252 _d65252 |
||
| 005 | 20240530110815.0 | ||
| 008 | 140319s2008 au a f b 000 0 ara d | ||
| 017 |
_a2008/19136 _bمصر. دار الكتب |
||
| 020 | _a9774378938 | ||
| 040 |
_aGCL / _cGCL |
||
| 082 | 0 | 4 |
_221 _a792.028 / _bج م |
| 100 | 1 | _aجوردون ، ان-مارى | |
| 245 | 1 | 2 |
_aالمناهج الجديدة فى اعداد الممثل : _bمسرح . رقص . سيرك . فن العرائس / _cتجميع واشراف ان - مارى جوردون ؛ ترجمة سلوى لطفى ؛ مراجعة جوزين جودت _nالجزء الثانى |
| 250 | _aط.1 | ||
| 260 |
_aالقاهرة : _bوزارة الثقافة : مهرجان القاهرة الدولى للمسرح التجريبى، _c2008 . |
||
| 300 |
_a327 ص. : _bايض. ؛ _c24 سم. |
||
| 650 | 0 | 7 |
_aالمسرح _2qrmak |
| 650 | 0 | 7 |
_aالاخراج المسرحى _2qrmak |
| 650 | 0 | 7 | _aفن العرائس |
| 650 | 0 | 7 | _aالسيرك |
| 650 | 0 | 7 |
_aالسينما _2qrmak |
| 650 | 0 | 7 |
_aالتمثيل _2qrmak |
| 650 | 0 | 7 |
_aالمسرح _xتاريخ ونقد _2qrmak |
| 651 | _2qrmak | ||
| 700 | 0 |
_aسلوى لطفى _eمترجم |
|
| 700 | 0 |
_aجوزين جودت _eمراجع |
|
| 942 |
_2ddc _cBK |
||